Statistics for Oscars Black Best Actress

Click here to take the quiz!

General Stats

  • This quiz has been taken 506 times
    (79 since last reset)
  • The average score is 15 of 36

Answer Stats

#Actress% Correct
1Halle Berry
97%
4Viola Davis
86%
2Whoopi Goldberg
86%
3Octavia Spencer
79%
2Angela Bassett
75%
1Oprah Winfrey
70%
1Jennifer Hudson
68%
1Lupita Nyong'o
67%
1Mo'Nique
64%
1Hattie McDaniel
63%
1Regina King
55%
1Da'Vine Joy Randolph
52%
1Queen Latifah
52%
1Ariana DeBose
51%
1Gabourey Sidibe
48%
1Cynthia Erivo
38%
1Ruth Negga
38%
1Quvenzhané Wallis
37%
1Diana Ross
36%
1Mary J. Blige
33%
1Danielle Brooks
30%
1Taraji P. Henson
29%
1Andra Day
27%
1Naomie Harris
26%
1Aunjanue Ellis
22%
1Cicely Tyson
22%
1Dorothy Dandridge
19%
1Diahann Carroll
18%
1Sophie Okonedo
18%
1Marianne Jean-Baptiste
16%
1Ruby Dee
16%
1Alfre Woodard
15%
1Margaret Avery
14%
1Beah Richards
10%
1Juanita Moore
7%
1Ethel Waters
5%

Score Distribution

Percentile by Number Answered

Percent of People with Each Score

Your Score History

You have not taken this quiz since the last reset